00730nam a2200217Ia 4500003000900000008004100009020001800050040001600068080001900084100003200103245006200135250001200197260003300209300001600242490007700258650002000335650001900355942000700374999001500381952011600396IN-BaIIA211028s9999 xx 000 0 eng d a0-08-006820-0 cIIA Library a[8]:01:00bLIN aLindsay, Robert Bruce92845 0aLord Rayleighbthe man and his workcRobert Bruce Lindsay a1st ed. aOxfordbPergamon Pressc1970 aviii, 251p. aThe Commonwealth and international library. Selected readings in physics aBiography91224 aNASA thesaurus cBK c3851d3851 00104070aBANbBANcGENd1971-12-17g27.00l0o92:53/ LINp4302r2021-11-05v27.00w1971-12-17yBKGRs. 27.00